[Event "4NCL Division 3"]
[Site "Puma Hotel, Hinckley Island E"]
[Date "2013.05.04"]
[Round "9.88"]
[White "Ganger, Rajan"]
[Black "Padilla Cabero, Pablo"]
[Result "0-1"]
[WhiteElo "1982"]
[BlackElo "2153"]
[PlyCount "64"]
[EventDate "2013.03.23"]
[Source "J.Saunders"]
[SourceDate "1998.06.06"]

1. e4 Nf6 2. d3 e5 3. Nf3 Nc6 4. Nc3 d5 5. Bg5 Bb4 6. exd5 Qxd5 7. a3 Bxc3+ 8.
bxc3 Qc5 9. d4 Qxc3+ 10. Bd2 Qb2 11. Rb1 Qa2 12. Bb5 O-O 13. dxe5 Ne4 14. Ra1
Qd5 15. c4 Qe6 16. Bxc6 Qxc6 17. Bb4 Re8 18. Qd5 Qg6 19. O-O a5 20. Be1 Be6 21.
Qd3 Red8 22. Qb3 Nc5 23. Qe3 b6 24. Nd2 Rd3 25. Qe2 Rad8 26. a4 h5 27. Kh1 h4
28. f3 R8d4 29. h3 Qg5 30. Ra2 Re3 31. Qf2 Qf4 32. Nb1 Nd3 0-1

[Event "4NCL Division 3"]
[Site "Puma Hotel, Hinckley Island E"]
[Date "2013.05.04"]
[Round "9.89"]
[White "Headlong, Timothy"]
[Black "Truman, Richard G"]
[Result "1/2-1/2"]
[WhiteElo "2163"]
[BlackElo "1916"]
[PlyCount "51"]
[EventDate "2013.03.23"]
[Source "J.Saunders"]
[SourceDate "1998.06.06"]

1. Nf3 g6 2. d4 Bg7 3. c4 Nf6 4. Nc3 d5 5. cxd5 Nxd5 6. Qb3 Nxc3 7. bxc3 O-O 8.
e3 c5 9. Be2 Nc6 10. O-O b6 11. Rd1 Bf5 12. dxc5 Qc7 13. cxb6 axb6 14. Nd4 Na5
15. Qb4 Rfc8 16. Bd2 Rab8 17. Be1 Be5 18. h3 Be4 19. Nb5 Qb7 20. f3 Bd5 21. e4
Bc4 22. Qb2 Rc5 23. Nd4 Bxe2 24. Qxe2 Nc4 25. Nb3 Rc6 26. Nd4 1/2-1/2

[Event "4NCL Division 3"]
[Site "Puma Hotel, Hinckley Island E"]
[Date "2013.05.04"]
[Round "9.90"]
[White "Hewitt, Sean D"]
[Black "Rabbitt, Michael"]
[Result "1/2-1/2"]
[WhiteElo "1831"]
[BlackElo "2084"]
[PlyCount "89"]
[EventDate "2013.03.23"]
[Source "J.Saunders"]
[SourceDate "1998.06.06"]

1. e4 c5 2. Nc3 e6 3. f4 a6 4. Nf3 b5 5. d3 Bb7 6. Be2 Nc6 7. O-O Nd4 8. Nxd4
cxd4 9. Nb1 Rc8 10. Bf3 Ne7 11. b3 g6 12. Bb2 Bg7 13. Na3 Qc7 14. Qd2 O-O 15.
g3 d5 16. Rf2 dxe4 17. dxe4 Rfd8 18. Qd3 Qc5 19. Rc1 Nc6 20. e5 Nb4 21. Qe2
Bxf3 22. Qxf3 Nxa2 23. Rd1 Nb4 24. Qe4 Nc6 25. Rd3 Bf8 26. Nb1 Qb6 27. Nd2 Bc5
28. Nf3 Nb4 29. Rxd4 Bxd4 30. Nxd4 Nc6 31. Nf3 Rd1+ 32. Kg2 Rcd8 33. g4 Qc5 34.
f5 Qd5 35. Qf4 Nd4 36. f6 Nxf3 37. Qh6 Ng5+ 38. Kg3 Rg1+ 39. Kh4 Rxg4+ 40. Kxg4
Qe4+ 41. Kg3 Qe3+ 42. Kg2 Qe4+ 43. Kg3 Qe3+ 44. Kg2 Qe4+ 45. Kg3 1/2-1/2

[Event "4NCL Division 3"]
[Site "Puma Hotel, Hinckley Island E"]
[Date "2013.05.04"]
[Round "9.95"]
[White "Tippleston, Charles E"]
[Black "Hall, John"]
[Result "1/2-1/2"]
[WhiteElo "2130"]
[BlackElo "2255"]
[PlyCount "52"]
[EventDate "2013.03.23"]
[Source "J.Saunders"]
[SourceDate "1998.06.06"]

1. e4 c5 2. Nf3 d6 3. Bb5+ Nc6 4. O-O Bd7 5. Re1 Nf6 6. c3 a6 7. Ba4 b5 8. Bc2
e5 9. a4 Be7 10. h3 O-O 11. d4 Qc7 12. dxe5 Nxe5 13. Nbd2 Bc6 14. Nxe5 dxe5 15.
Nf1 Rad8 16. Qe2 Qb7 17. Ng3 Bd7 18. Nf5 Bxf5 19. exf5 Rfe8 20. axb5 axb5 21.
Ra5 c4 22. Be3 Ra8 23. Rea1 Rxa5 24. Rxa5 Ra8 25. Rxa8+ Qxa8 26. Qd1 h6 1/2-1/2

[Event "4NCL Division 3"]
[Site "Puma Hotel, Hinckley Island E"]
[Date "2013.05.04"]
[Round "9.96"]
[White "Mauwa, Tedmore"]
[Black "Habershon, Paul F"]
[Result "0-1"]
[WhiteElo "2190"]
[BlackElo "2132"]
[PlyCount "108"]
[EventDate "2013.03.23"]
[Source "J.Saunders"]
[SourceDate "1998.06.06"]

1. e4 Nf6 2. e5 Nd5 3. d4 d6 4. Nf3 Bg4 5. Bc4 e6 6. exd6 Bxd6 7. h3 Bh5 8. O-O
O-O 9. Nbd2 Nd7 10. Ne4 Be7 11. Ng3 Bg6 12. Re1 c5 13. dxc5 Nb4 14. Nd4 Nxc5
15. a3 Nxc2 16. Nxc2 Qxd1 17. Rxd1 Bxc2 18. Rd2 Bb3 19. Be2 Bd5 20. Bd1 a5 21.
Rb1 a4 22. Re2 Rfd8 23. Be3 Ba2 24. Ra1 Bc4 25. Rd2 Nb3 26. Bxb3 Bxb3 27. Rxd8+
Rxd8 28. Ne4 Rc8 29. Rc1 Rxc1+ 30. Bxc1 Bc2 31. Nc3 Bc5 32. Be3 Bxe3 33. fxe3
Kf8 34. Kf2 Ke7 35. Ke2 f6 36. Kd2 Bb3 37. g3 Kd6 38. Ne2 e5 39. Nc3 Kc6 40.
Kd3 b5 41. Ne4 Be6 42. Nf2 h5 43. h4 Bc4+ 44. Kc3 Kd5 45. Kb4 g5 46. Kc3 gxh4
47. gxh4 f5 48. Kd2 f4 49. exf4 exf4 50. Kc3 Ke5 51. b4 Kd5 52. Nd1 Ke4 53. Nb2
f3 54. Nd1 Be2 0-1

[Event "4NCL Division 3"]
[Site "Puma Hotel, Hinckley Island E"]
[Date "2013.05.04"]
[Round "9.97"]
[White "Onley, David E"]
[Black "Mossong, Hubert"]
[Result "1-0"]
[WhiteElo "2106"]
[BlackElo "2152"]
[PlyCount "83"]
[EventDate "2013.03.23"]
[Source "J.Saunders"]
[SourceDate "1998.06.06"]

1. e4 d6 2. d4 Nf6 3. Nc3 c6 4. Nf3 Bg4 5. h3 Bh5 6. Be3 e6 7. Bd3 d5 8. e5
Nfd7 9. g4 Bg6 10. Ng5 c5 11. Qf3 Nf6 12. Bxg6 hxg6 13. h4 Nc6 14. O-O-O cxd4
15. Bxd4 Nxd4 16. Rxd4 Be7 17. exf6 Bxf6 18. Nxf7 Kxf7 19. g5 Rc8 20. h5 Kg8
21. gxf6 Qxf6 22. Qxf6 gxf6 23. Rg4 g5 24. Nb5 e5 25. Nd6 Rc7 26. Ra4 a6 27.
Rb4 Rhh7 28. Rb6 Rc6 29. Rxc6 bxc6 30. b4 Kf8 31. h6 Ke7 32. Nf5+ Ke6 33. Ng7+
Kf7 34. Kd2 Kg6 35. Kc3 f5 36. Kb3 g4 37. Ka4 d4 38. Ka5 e4 39. Ne6 e3 40. fxe3
dxe3 41. Nf8+ Kf7 42. Nxh7 1-0

[Event "4NCL Division 3"]
[Site "Puma Hotel, Hinckley Island E"]
[Date "2013.05.04"]
[Round "9.98"]
[White "Taylor, Mark V"]
[Black "Brown, Alan M"]
[Result "1/2-1/2"]
[WhiteElo "2078"]
[BlackElo "2122"]
[PlyCount "77"]
[EventDate "2013.03.23"]
[Source "J.Saunders"]
[SourceDate "1998.06.06"]

1. d4 Nf6 2. c4 e6 3. Nf3 Bb4+ 4. Bd2 Qe7 5. g3 Nc6 6. Bg2 Bxd2+ 7. Nbxd2 O-O
8. O-O d6 9. e4 e5 10. d5 Nb8 11. Ne1 Bd7 12. Nd3 c5 13. a3 Na6 14. b4 Rfc8 15.
Qb3 Rab8 16. b5 Nc7 17. Rae1 Ng4 18. f4 f6 19. h3 Nh6 20. Rf2 Rf8 21. Ref1 Nf7
22. f5 b6 23. a4 a6 24. Ra1 Ra8 25. Rff1 Rfb8 26. Qc3 Qd8 27. g4 Rb7 28. h4
Rba7 29. Rfb1 axb5 30. axb5 Ra5 31. Nb3 Ra4 32. Rxa4 Rxa4 33. Ra1 Qa8 34. Kh2
h6 35. Kg3 Kf8 36. Bf3 Ke7 37. Bd1 Ra2 38. Rxa2 Qxa2 39. Qb2 1/2-1/2

[Event "4NCL Division 3"]
[Site "Puma Hotel, Hinckley Island E"]
[Date "2013.05.04"]
[Round "9.100"]
[White "Birkin, Mark H"]
[Black "Smith, Graham M"]
[Result "1/2-1/2"]
[WhiteElo "1928"]
[BlackElo "2079"]
[PlyCount "129"]
[EventDate "2013.03.23"]
[Source "J.Saunders"]
[SourceDate "1998.06.06"]

1. e4 c5 2. Nf3 Nc6 3. d4 cxd4 4. Nxd4 Qb6 5. Nb3 Nf6 6. Nc3 e6 7. Be3 Qc7 8.
g3 Bb4 9. Bg2 Ne5 10. Qd4 Nc4 11. Bf4 d6 12. Bf1 e5 13. Bxe5 dxe5 14. Qxc4 Qxc4
15. Bxc4 Nxe4 16. a3 Bxc3+ 17. bxc3 Bf5 18. Bd3 Bg6 19. c4 O-O-O 20. O-O Ng5
21. Bxg6 hxg6 22. f3 Rd6 23. h4 Ne6 24. Rfe1 f6 25. Re4 g5 26. c5 Rc6 27. Rd1
gxh4 28. gxh4 Nf4 29. Rd2 Rxh4 30. Re3 Ne6 31. Red3 Ra4 32. Kf2 Rxa3 33. Rd7
Rc7 34. R7d6 Ra6 35. R6d5 Re7 36. Kg3 g5 37. Kg4 Ra4+ 38. Kg3 Rh4 39. Rd6 f5
40. c6 b6 41. Rd7 Rhh7 42. R7d6 Nf4 43. Kf2 Kc7 44. Rf6 Rhf7 45. Rdd6 a5 46.
Nc1 Rxf6 47. Rxf6 Re6 48. Rf7+ Kxc6 49. Rxf5 Kd5 50. Ke3 Rg6 51. Na2 Rc6 52.
Kd2 Rg6 53. Nc3+ Ke6 54. Rf8 Rf6 55. Rb8 Kf5 56. Ne4 Rg6 57. Ng3+ Ke6 58. Rxb6+
Kd7 59. Rb7+ Kc6 60. Ra7 Kb6 61. Re7 g4 62. fxg4 Rxg4 63. Ne4 Ng6 64. Re6+ Kb5
65. Nc3+ 1/2-1/2

[Event "4NCL Division 3"]
[Site "Puma Hotel, Hinckley Island E"]
[Date "2013.05.04"]
[Round "9.105"]
[White "Purdon, Colin"]
[Black "Ingram, Keith R"]
[Result "1-0"]
[WhiteElo "2121"]
[BlackElo "2047"]
[PlyCount "95"]
[EventDate "2013.03.23"]
[Source "J.Saunders"]
[SourceDate "1998.06.06"]

1. d4 e6 2. e4 d5 3. Nd2 dxe4 4. Nxe4 Nd7 5. Nf3 Ngf6 6. Nxf6+ Nxf6 7. Bd3 c5
8. O-O cxd4 9. Nxd4 Bc5 10. Be3 Qb6 11. b4 Bxd4 12. Bxd4 Qxb4 13. Rb1 Qe7 14.
Be5 O-O 15. Bd6 Qd8 16. Bxf8 Qxf8 17. Qf3 Rb8 18. Qf4 Bd7 19. Bb5 Bxb5 20. Rxb5
Nd5 21. Qd4 a6 22. Rb3 h6 23. c4 Nb4 24. Qb2 a5 25. a3 Nc6 26. Rxb7 Rxb7 27.
Qxb7 Ne5 28. Qc7 f6 29. c5 Qa8 30. Qd6 Kf7 31. f4 Nc6 32. Qd7+ Ne7 33. Re1 Qa6
34. Qd6 Qc4 35. Rd1 Qb3 36. Qd3 Qa4 37. g3 Qc6 38. Qc4 Qf3 39. Re1 Qc6 40. a4
Qd7 41. f5 Nxf5 42. c6 Qc8 43. Rd1 Qb8 44. Rd7+ Kg6 45. Qb5 Qa8 46. Qb7 Qf8 47.
Qb6 Qc8 48. Rd8 1-0

[Event "4NCL Division 3"]
[Site "Puma Hotel, Hinckley Island E"]
[Date "2013.05.04"]
[Round "9.106"]
[White "Fallowfield, Nic"]
[Black "Dekker, Alain S"]
[Result "1-0"]
[WhiteElo "2023"]
[BlackElo "2097"]
[PlyCount "25"]
[EventDate "2013.03.23"]
[Source "J.Saunders"]
[SourceDate "1998.06.06"]

1. Nf3 c5 2. c4 Nf6 3. g3 e6 4. Bg2 Be7 5. O-O O-O 6. d4 cxd4 7. Nxd4 a6 8. Nc3
Qc7 9. Qd3 d6 10. b3 Bd7 11. Bb2 Nc6 12. Rac1 Rad8 13. Nd5 1-0

[Event "4NCL Division 3"]
[Site "Puma Hotel, Hinckley Island E"]
[Date "2013.05.04"]
[Round "9.107"]
[White "Stille, Alexander M"]
[Black "Webster, Paul"]
[Result "1/2-1/2"]
[WhiteElo "2071"]
[BlackElo "2001"]
[PlyCount "51"]
[EventDate "2013.03.23"]
[Source "J.Saunders"]
[SourceDate "1998.06.06"]

1. d4 Nf6 2. c4 e6 3. g3 Bb4+ 4. Nd2 O-O 5. Bg2 d5 6. Ngf3 Nbd7 7. O-O c6 8.
Qc2 Bd6 9. Rd1 Qe7 10. b3 Bc7 11. a4 Re8 12. Bb2 e5 13. cxd5 Nxd5 14. Ba3 Nb4
15. Qc3 a5 16. Nc4 e4 17. Nfe5 Nxe5 18. dxe5 Bg4 19. Nd6 Qxe5 20. Bxb4 Bxd6 21.
Rxd6 axb4 22. Qxe5 Rxe5 23. Rad1 Rae8 24. R1d4 Bxe2 25. Rxb4 Ba6 26. Rxe4
1/2-1/2

[Event "4NCL Division 3"]
[Site "Puma Hotel, Hinckley Island E"]
[Date "2013.05.04"]
[Round "9.110"]
[White "Ali, Golam S"]
[Black "Head, Louise"]
[Result "0-1"]
[WhiteElo "1873"]
[BlackElo "1754"]
[PlyCount "48"]
[EventDate "2013.03.23"]
[Source "J.Saunders"]
[SourceDate "1998.06.06"]

1. d4 f5 2. c4 Nf6 3. Nc3 e6 4. Bg5 Be7 5. Nf3 O-O 6. e3 Ne4 7. Bxe7 Qxe7 8.
Bd3 Nxc3 9. bxc3 b6 10. O-O Bb7 11. Re1 Be4 12. Bxe4 fxe4 13. Nd2 Qh4 14. g3
Qh3 15. Qb1 Rxf2 16. Kxf2 Qxh2+ 17. Kf1 Nc6 18. Qxe4 Rf8+ 19. Nf3 Ne7 20. Qf4
Rxf4 21. gxf4 Qg3 22. Ne5 Nf5 23. Nxd7 Qf3+ 24. Kg1 Nh4 0-1

[Event "4NCL Division 3"]
[Site "Puma Hotel, Hinckley Island E"]
[Date "2013.05.04"]
[Round "9.117"]
[White "Burke, Steven J"]
[Black "Grant, David J"]
[Result "0-1"]
[WhiteElo "2006"]
[BlackElo "2084"]
[PlyCount "68"]
[EventDate "2013.03.23"]
[Source "J.Saunders"]
[SourceDate "1998.06.06"]

1. Nc3 c5 2. e4 Nc6 3. Bb5 Nd4 4. Bc4 e6 5. Nge2 Nf6 6. O-O a6 7. d3 b5 8. Bb3
Nxb3 9. axb3 Bb7 10. Re1 Qc7 11. Bf4 d6 12. Ng3 Be7 13. Nh5 Nxh5 14. Qxh5 b4
15. Nd1 O-O 16. Ne3 g6 17. Qh6 Rad8 18. Nc4 e5 19. Bd2 f5 20. Qh3 Bc8 21. Qe3
Bh4 22. c3 fxe4 23. g3 d5 24. Na5 Rf3 25. Qh6 Bf6 26. dxe4 dxe4 27. cxb4 Bg7
28. Qg5 h6 29. Qxg6 Rxd2 30. Qxe4 Rfxf2 31. Rac1 Bh3 32. Rxc5 Rg2+ 33. Qxg2
Rxg2+ 34. Kh1 Qf7 0-1

[Event "4NCL Division 3"]
[Site "Puma Hotel, Hinckley Island E"]
[Date "2013.05.04"]
[Round "9.119"]
[White "Graham, Neil"]
[Black "Cumming, Rhys"]
[Result "1/2-1/2"]
[WhiteElo "1853"]
[BlackElo "2001"]
[PlyCount "32"]
[EventDate "2013.03.23"]
[Source "J.Saunders"]
[SourceDate "1998.06.06"]

1. d4 Nf6 2. f3 d5 3. e4 dxe4 4. Nc3 exf3 5. Nxf3 Bg4 6. h3 Bxf3 7. Qxf3 c6 8.
g4 e6 9. g5 Nd5 10. Bd3 Bd6 11. O-O Qe7 12. Ne4 Bc7 13. a3 Bb6 14. c3 Rf8 15.
Qh5 Nd7 16. Kh1 Bc7 1/2-1/2

[Event "4NCL Division 3"]
[Site "Puma Hotel, Hinckley Island E"]
[Date "2013.05.04"]
[Round "9.125"]
[White "Reynolds, D Ian W"]
[Black "Osborne, Marcus E"]
[Result "0-1"]
[WhiteElo "2031"]
[BlackElo "2263"]
[PlyCount "28"]
[EventDate "2013.03.23"]
[Source "J.Saunders"]
[SourceDate "1998.06.06"]

1. e4 e6 2. d4 d5 3. Nd2 c5 4. Ngf3 cxd4 5. exd5 Qxd5 6. Bc4 Qd7 7. O-O Nc6 8.
Qe2 Nge7 9. Nb3 Nf5 10. Rd1 Bd6 11. Bb5 O-O 12. Nbxd4 Ncxd4 13. Nxd4 Nxd4 14.
Bxd7 Nxe2+ 0-1

[Event "4NCL Division 3"]
[Site "Puma Hotel, Hinckley Island E"]
[Date "2013.05.04"]
[Round "9.126"]
[White "Povah, Nigel E"]
[Black "Ruthen, Stephen W"]
[Result "1-0"]
[WhiteElo "2302"]
[BlackElo "2044"]
[PlyCount "45"]
[EventDate "2013.03.23"]
[Source "J.Saunders"]
[SourceDate "1998.06.06"]

1. d4 Nf6 2. Nf3 g6 3. Nc3 Bg7 4. e4 d6 5. Be3 O-O 6. Qd2 Ng4 7. Bg5 h6 8. h3
hxg5 9. hxg4 e5 10. dxe5 dxe5 11. Qxg5 Nc6 12. Bc4 Qxg5 13. Nxg5 Bxg4 14. f3
Bd7 15. O-O-O Rad8 16. Nd5 Bc8 17. Nxc7 Rxd1+ 18. Kxd1 Bf6 19. Nh7 Rd8+ 20. Kc1
Kg7 21. Nd5 Be7 22. Nxe7 Nxe7 23. Ng5 1-0

[Event "4NCL Division 3"]
[Site "Puma Hotel, Hinckley Island E"]
[Date "2013.05.04"]
[Round "9.127"]
[White "Savage, Nicholas W"]
[Black "Emerson, Roger"]
[Result "1/2-1/2"]
[WhiteElo "2051"]
[BlackElo "2197"]
[PlyCount "50"]
[EventDate "2013.03.23"]
[Source "J.Saunders"]
[SourceDate "1998.06.06"]

1. d4 Nf6 2. c4 e6 3. Nf3 d5 4. g3 c5 5. Bg2 Nc6 6. cxd5 exd5 7. O-O Be7 8.
dxc5 Bxc5 9. Qc2 Bd6 10. Nc3 Be6 11. Rd1 O-O 12. Be3 Rc8 13. Rac1 Qe7 14. Qa4
b6 15. Nb5 Bb8 16. Nbd4 Na5 17. Rxc8 Rxc8 18. Rc1 Rc4 19. Rxc4 Nxc4 20. Bc1 Bd7
21. Qc2 h6 22. b3 Ne5 23. Nxe5 Bxe5 24. Nc6 Bxc6 25. Qxc6 Qc5 1/2-1/2

[Event "4NCL Division 3"]
[Site "Puma Hotel, Hinckley Island E"]
[Date "2013.05.04"]
[Round "9.128"]
[White "Lalic, Peter D"]
[Black "Donaghay, Richard H"]
[Result "1-0"]
[WhiteElo "2130"]
[BlackElo "1966"]
[PlyCount "49"]
[EventDate "2013.03.23"]
[Source "J.Saunders"]
[SourceDate "1998.06.06"]

1. d4 d6 2. Bg5 h6 3. Bh4 c5 4. e3 Qb6 5. Nc3 g5 6. Bg3 Bg7 7. Bb5+ Bd7 8.
Bxd7+ Nxd7 9. Nge2 Ngf6 10. Qd3 Qc6 11. d5 Qc7 12. h4 c4 13. Qf5 g4 14. e4 Nc5
15. e5 dxe5 16. Bxe5 Qd7 17. Ng3 O-O-O 18. O-O-O a6 19. Qf4 h5 20. Qxc4 b6 21.
b4 Kb7 22. bxc5 bxc5 23. Na4 Bh6+ 24. Kb1 Rb8 25. Ka1 1-0

[Event "4NCL Division 3"]
[Site "Puma Hotel, Hinckley Island E"]
[Date "2013.05.04"]
[Round "9.129"]
[White "Davison, Chris"]
[Black "Sarakauskiene, Zivile"]
[Result "1/2-1/2"]
[WhiteElo "1917"]
[BlackElo "2189"]
[PlyCount "103"]
[EventDate "2013.03.23"]
[Source "J.Saunders"]
[SourceDate "1998.06.06"]

1. e4 c5 2. Nf3 e6 3. d4 cxd4 4. Nxd4 a6 5. Be3 Nf6 6. Nd2 Qc7 7. Be2 e5 8.
N4b3 d5 9. exd5 Nxd5 10. Nf1 Be6 11. Bf3 Nb6 12. Bxb6 Qxb6 13. Ne3 e4 14. Be2
Nc6 15. c3 Rd8 16. Qc2 f5 17. g4 g6 18. gxf5 gxf5 19. Nc4 Qc7 20. Nbd2 Kd7 21.
O-O-O Kc8 22. Kb1 Bc5 23. Ne3 Qf4 24. Bc4 Bxc4 25. Ndxc4 b5 26. Qe2 Kb7 27. Nd2
Ne5 28. Nb3 Bxe3 29. fxe3 Qg4 30. Qc2 Rhg8 31. a4 Qg2 32. Rxd8 Qxc2+ 33. Kxc2
Rxd8 34. axb5 axb5 35. Nd4 Nc4 36. Re1 Rd5 37. b3 Nd6 38. Rg1 b4 39. Rg7+ Kb6
40. c4 Ra5 41. Kb2 f4 42. exf4 Nf5 43. Nxf5 Rxf5 44. Rxh7 Rxf4 45. Rh5 Rf2+ 46.
Kc1 Kc6 47. Re5 Rxh2 48. Rxe4 Rh3 49. Kc2 Rh2+ 50. Kc1 Rh3 51. Kc2 Rh2+ 52. Kc1
1/2-1/2

[Event "4NCL Division 3"]
[Site "Puma Hotel, Hinckley Island E"]
[Date "2013.05.04"]
[Round "9.130"]
[White "Foster, James C"]
[Black "Szymanski, Mark"]
[Result "1-0"]
[WhiteElo "2039"]
[BlackElo "1807"]
[PlyCount "63"]
[EventDate "2013.03.23"]
[Source "J.Saunders"]
[SourceDate "1998.06.06"]

1. e4 d5 2. exd5 Qxd5 3. Nc3 Qd6 4. d4 Nf6 5. Nge2 Bg4 6. f3 Bf5 7. Ng3 Bg6 8.
f4 e6 9. Qf3 c6 10. f5 exf5 11. Bf4 Qe6+ 12. Be2 Bb4 13. O-O Bxc3 14. bxc3 O-O
15. h4 h6 16. Rae1 Qd5 17. Qd3 Na6 18. Bf3 Qd7 19. Qd2 Nc7 20. h5 Bh7 21. Re5
Rae8 22. Be2 Ng4 23. Rxf5 Bxf5 24. Nxf5 Qxf5 25. Bxc7 Qxh5 26. Qd1 f5 27. Rf3
Rf7 28. Bc4 g5 29. Rxf5 Ree7 30. Rxf7 Rxf7 31. Qf3 Nf6 32. Qxf6 1-0

[Event "4NCL Division 3"]
[Site "Puma Hotel, Hinckley Island E"]
[Date "2013.05.04"]
[Round "9.135"]
[White "Dickson, George A"]
[Black "Hoffmann, Hendrik"]
[Result "0-1"]
[WhiteElo "2071"]
[BlackElo "2279"]
[PlyCount "92"]
[EventDate "2013.03.23"]
[Source "J.Saunders"]
[SourceDate "1998.06.06"]

1. e4 d6 2. d4 Nf6 3. Nc3 g6 4. Bc4 Bg7 5. Nge2 O-O 6. f3 c6 7. a4 a5 8. Be3
Na6 9. Qd2 Nb4 10. Bb3 e5 11. dxe5 dxe5 12. Qxd8 Rxd8 13. Bb6 Re8 14. O-O-O Nd7
15. Be3 Bf8 16. Kb1 Nc5 17. Bxc5 Bxc5 18. Nc1 Na6 19. g4 Bb4 20. h4 Nc5 21. h5
Ne6 22. hxg6 hxg6 23. Rh6 Kg7 24. Rdh1 Ng5 25. N3e2 Be6 26. f4 exf4 27. Bxe6
Bc3 28. Bxf7 Nxf7 29. Rh7+ Kf6 30. Nxc3 Rh8 31. e5+ Ke7 32. N1e2 f3 33. Nf4
Rxh7 34. Rxh7 f2 35. Rh1 Nxe5 36. Rf1 Nxg4 37. Nxg6+ Kf6 38. Nf4 Rf8 39. Nd3
Kg5 40. b3 Rf7 41. Kc1 Kh4 42. Rh1+ Kg3 43. Nxf2 Kxf2 44. Rh5 b6 45. Rg5 Kf3
46. Rg6 Ne5 0-1

[Event "4NCL Division 3"]
[Site "Puma Hotel, Hinckley Island E"]
[Date "2013.05.04"]
[Round "9.136"]
[White "Kemp, Peter D"]
[Black "Calvert, D Ian"]
[Result "1/2-1/2"]
[WhiteElo "2161"]
[BlackElo "1982"]
[PlyCount "110"]
[EventDate "2013.03.23"]
[Source "J.Saunders"]
[SourceDate "1998.06.06"]

1. d4 d5 2. c4 c6 3. Nf3 Nf6 4. e3 g6 5. Nc3 Bg7 6. Be2 O-O 7. O-O dxc4 8. Bxc4
Bg4 9. h3 Bxf3 10. Qxf3 Nbd7 11. Rd1 e5 12. dxe5 Nxe5 13. Qe2 Qe7 14. Bb3 Rad8
15. Rxd8 Rxd8 16. e4 Nd3 17. Be3 Nc5 18. Bc2 b6 19. Rc1 Nfd7 20. f3 Ne6 21. Bb1
Ndc5 22. b4 Nd4 23. Qe1 Nce6 24. Nd1 Qd6 25. Kf1 Be5 26. Nf2 Bf4 27. Nd3 Bxe3
28. Qxe3 Nb5 29. e5 Qd5 30. Nf2 Qd4 31. Ng4 Qxe3 32. Nxe3 Na3 33. Be4 c5 34.
bxc5 Nxc5 35. Bd5 Nb5 36. Bc4 Na3 37. Bd5 Nb5 38. Rd1 Kf8 39. Bc4 Rxd1+ 40.
Nxd1 Na3 41. Bd5 Nd3 42. Nc3 Nxe5 43. Ke2 Nc2 44. Kd2 Nb4 45. Bb3 Nbc6 46. Ke3
Na5 47. Bd1 Ke7 48. f4 Nd7 49. Kd4 a6 50. Be2 Nc6+ 51. Kd5 Nb4+ 52. Kc4 Nc6 53.
Kd5 Nb4+ 54. Kc4 Nc6 55. Kd5 Nb4+ 1/2-1/2

[Event "4NCL Division 3"]
[Site "Puma Hotel, Hinckley Island E"]
[Date "2013.05.04"]
[Round "9.137"]
[White "Fegan, Chris"]
[Black "Quinn, John M"]
[Result "0-1"]
[WhiteElo "2011"]
[BlackElo "2104"]
[PlyCount "94"]
[EventDate "2013.03.23"]
[Source "J.Saunders"]
[SourceDate "1998.06.06"]

1. e4 c5 2. Nf3 e6 3. d4 cxd4 4. c3 Nf6 5. Qc2 dxc3 6. Nxc3 d6 7. Bc4 Be7 8.
O-O O-O 9. Rd1 Bd7 10. Bg5 Qc7 11. Bb3 a6 12. Nd5 Nxd5 13. Qxc7 Nxc7 14. Bxe7
Rc8 15. Rxd6 Re8 16. Bh4 Bc6 17. Re1 Nd7 18. Rc1 Nf6 19. a4 Nxe4 20. Rd4 f5 21.
Ne5 Nd5 22. Nxc6 bxc6 23. Rxc6 Rac8 24. Rdc4 Rb8 25. Bc2 Rxb2 26. Bxe4 fxe4 27.
Bg5 Rb1+ 28. Rc1 Rxc1+ 29. Bxc1 Nb4 30. Rc4 Rd8 31. g3 Rd1+ 32. Kg2 Nd3 33. Be3
Ne1+ 34. Kh3 Nf3 35. Rxe4 h5 36. Rxe6 g5 37. g4 Kf7 38. Rxa6 Rg1 39. Ra7+ Ke6
40. Ra6+ Kd7 41. Ra7+ Kc8 42. Ra8+ Kb7 43. Ra7+ Kb8 44. Bf4+ Kxa7 45. Bg3 h4
46. a5 hxg3 47. a6 Ra1 0-1

[Event "4NCL Division 3"]
[Site "Puma Hotel, Hinckley Island E"]
[Date "2013.05.04"]
[Round "9.138"]
[White "Pedersen, Carsten"]
[Black "Vachtfeidl, Petr"]
[Result "1-0"]
[WhiteElo "2134"]
[BlackElo "1948"]
[PlyCount "105"]
[EventDate "2013.03.23"]
[Source "J.Saunders"]
[SourceDate "1998.06.06"]

1. e4 c5 2. Nc3 Nc6 3. g3 g6 4. Bg2 Bg7 5. d3 d6 6. f4 Nf6 7. Nf3 O-O 8. O-O
Rb8 9. a3 b5 10. Rb1 a5 11. a4 b4 12. Nb5 Ba6 13. c4 Nd7 14. Be3 Nb6 15. b3 e5
16. fxe5 Nxe5 17. Nxe5 Bxe5 18. d4 cxd4 19. Nxd4 Bb7 20. Qd3 Nd7 21. Nf3 Qc7
22. Nxe5 dxe5 23. Bh6 Nc5 24. Qf3 f5 25. Bxf8 Rxf8 26. Qe3 Bxe4 27. Bxe4 Nxe4
28. Rbd1 Nc3 29. Rd2 Kf7 30. Re1 Ke6 31. Kg2 Rf7 32. Kg1 Kf6 33. h4 Ke6 34. Kg2
Qc6+ 35. Kh2 Qc7 36. Kg2 Qc6+ 37. Kh2 Qc7 38. Kg1 Re7 39. Kg2 Qc6+ 40. Kh3 Qc7
41. Rd3 Rf7 42. Kg2 Re7 43. Kh2 Rf7 44. Qd4 Rf8 45. c5 Ne4 46. Qc4+ Ke7 47.
Red1 Nf6 48. Rd6 Qc8 49. c6 Ng4+ 50. Kg1 Nf6 51. Qc5 Kf7 52. Qxe5 Kg7 53. Rxf6
1-0

[Event "4NCL Division 3"]
[Site "Puma Hotel, Hinckley Island E"]
[Date "2013.05.04"]
[Round "9.139"]
[White "Vlcek, Marek"]
[Black "French, Angus J"]
[Result "1-0"]
[WhiteElo "1963"]
[BlackElo "2005"]
[PlyCount "136"]
[EventDate "2013.03.23"]
[Source "J.Saunders"]
[SourceDate "1998.06.06"]

1. Nf3 d5 2. c4 c6 3. g3 Nf6 4. Bg2 Bf5 5. O-O e6 6. d3 Be7 7. b3 O-O 8. Bb2
Nbd7 9. Nbd2 h6 10. Rc1 Re8 11. Re1 Bh7 12. a3 a5 13. e4 dxe4 14. Nxe4 Nxe4 15.
dxe4 Nc5 16. Nd4 e5 17. Nf5 Nd3 18. Qc2 Nxe1 19. Rxe1 Bc5 20. Qc3 Qb6 21. Qc2
Rad8 22. Bh3 Bxf5 23. exf5 f6 24. Bg2 Rd7 25. Bc1 Red8 26. Be4 Bxa3 27. Bxa3
Rd2 28. c5 Qb5 29. Qb1 Re2 30. Rf1 Rd4 31. Bf3 Red2 32. Bc1 R2d3 33. Be2 Rxb3
34. Qa2 Qa4 35. Qxa4 Rxa4 36. Bd1 Raa3 37. Bxb3+ Rxb3 38. Be3 a4 39. Ra1 Rb4
40. Kf1 h5 41. h4 g6 42. fxg6 Kg7 43. Ke2 f5 44. Kd3 f4 45. gxf4 exf4 46. Bd4+
Kxg6 47. Kc3 Rb3+ 48. Kc4 Kf5 49. Rxa4 Rb1 50. Kd3 Kg4 51. Bf6 Kf3 52. Bg5 Kxf2
53. Rxf4+ Kg3 54. Rc4 Kf3 55. Kd4 Re1 56. Rc3+ Kg4 57. Rb3 Rd1+ 58. Kc4 Rd7 59.
Rd3 Rg7 60. Rd6 Kf5 61. Kd4 Kg4 62. Ke5 Rg8 63. Rd4+ Kf3 64. Rb4 Rg7 65. Kf6
Rd7 66. Kg6 Rd5 67. Rc4 Ke2 68. Kxh5 Kd3 1-0

[Event "4NCL Division 3"]
[Site "Puma Hotel, Hinckley Island E"]
[Date "2013.05.04"]
[Round "9.140"]
[White "Pein, Jonathan"]
[Black "Cooke, Charlie"]
[Result "1-0"]
[WhiteElo "1824"]
[BlackElo "1789"]
[PlyCount "61"]
[EventDate "2013.03.23"]
[Source "J.Saunders"]
[SourceDate "1998.06.06"]

1. e4 e5 2. Nf3 Nf6 3. Bc4 Nxe4 4. Nc3 Nxc3 5. dxc3 Be7 6. Nxe5 O-O 7. Qh5 Qe8
8. O-O d6 9. Nf3 Nd7 10. Bg5 Nf6 11. Qh4 Bf5 12. Nd4 Bg6 13. Bd3 Bxd3 14. cxd3
Qd7 15. Qf4 Nd5 16. Qe4 Bxg5 17. Qxd5 Bf6 18. Qxb7 Bxd4 19. cxd4 Rfb8 20. Qf3
Re8 21. Rac1 Rab8 22. b3 h6 23. h3 Kf8 24. Rfe1 Qb5 25. Rxe8+ Rxe8 26. Rxc7 Re7
27. Rc8+ Re8 28. Qa8 Rxc8 29. Qxc8+ Ke7 30. Qc7+ Ke6 31. Qc4+ 1-0